00526 2200205 4500245005800000020001800058250001100076100002300087700002100110700002000131700002100151650001700172005001900189260003100208041001400239084001300253300003400266336000900300338001100309 aC-Blossom - Case 729 Vol. 2cShimotsuki, KayokohText a9789792341641 aCet. 1 aShimotsuki, Kayoko aFukui, Harutoshi aIne Martiana K. aFrisian Yuniardi aKomik Jepang a20230206093011 aJakartabPT Gramediac2010 aIndonesia a741.5592 a... jil. :bilus. ;c17,5 cm. atext avolume